Catálogo

CLAVES DE LA ORIENTACION PROFESIONAL : (Registro nro. 52524)

Detalles MARC
000 -LEADER
fixed length control field 00835nam a2200205 a 4500
001 - CONTROL NUMBER
control field 52524
005 - DATE AND TIME OF LATEST TRANSACTION
control field 20180714042415.0
008 - FIXED-LENGTH DATA ELEMENTS--GENERAL INFORMATION
fixed length control field 140415s2005 sp 000 0 spa d
020 ## - INTERNATIONAL STANDARD BOOK NUMBER
International Standard Book Number 8483169312
041 ## - LANGUAGE CODE
Language code of text/sound track or separate title spa
082 ## - DEWEY DECIMAL CLASSIFICATION NUMBER
Classification number 371.425
Item number CAB
100 1# - MAIN ENTRY--PERSONAL NAME
Personal name CABALLERO, MA. ANGELES
245 10 - TITLE STATEMENT
Title CLAVES DE LA ORIENTACION PROFESIONAL :
Remainder of title ESTRUCTURA, PLANIFICACION, DIAGNOSTICO E INTERVENCION.
250 ## - EDITION STATEMENT
Edition statement 1a ed.
260 ## - PUBLICATION, DISTRIBUTION, ETC.
Place of publication, distribution, etc. ESPAÑA :
Name of publisher, distributor, etc. CCS,
Date of publication, distribution, etc. 2005.
300 ## - PHYSICAL DESCRIPTION
Extent 161 ;
Dimensions 13.8 x 1.2 x 21.
490 ## - SERIES STATEMENT
Series statement PAPELES DE COMUNICACION
520 ## - SUMMARY, ETC.
Summary, etc. ESTE LIBRO PRETENDE AYUDAR A TODAS LAS PERSONAS VINCULADAS CON LA ORIENTACION PROFESIONAL A CLASIFICAR Y ORGANIZAR LOS ELEMENTOS TEORICOS Y MEJORAR LOS PROCESOS DEE DISEÑO, PLANIFICACION Y DESARROLLO DE LOS PROGRAMAS DE INTERVENCION.
650 14 - SUBJECT ADDED ENTRY--TOPICAL TERM
Topical term or geographic name entry element ORIENTACION PROFESIONAL
Existencias
Withdrawn status Lost status Source of classification or shelving scheme Damaged status Not for loan Collection code Home library Current library Shelving location Date acquired Source of acquisition Inventory number Total Checkouts Total Renewals Full call number Barcode Date last seen Date last checked out Price effective from Koha item type
    Dewey Decimal Classification     General Biblioteca Karol Wojtyla Biblioteca Karol Wojtyla Sala general 03/12/2013 Compra 151000000000000000041390 10 5 371.425 CAB 78037 05/01/2026 04/10/2022 03/12/2013 Libro